|
|
|
|
| LEADER |
00000nab a2200000 a 4500 |
| 001 |
vtls008846934 |
| 003 |
SK-MaSNL |
| 005 |
20260304023900.0 |
| 008 |
060918c20060826xo mr| 0 0slo |
| 038 |
|
|
|a RVGKPD
|
| 040 |
|
|
|a RVGKPD
|b slo
|c RVGKPD
|e AACR2
|
| 041 |
|
|
|a slo
|
| 044 |
|
|
|a xo
|c SK
|
| 080 |
|
|
|a 338.482
|2 1997
|
| 100 |
1 |
|
|a Krausová, Stela
|4 aut
|9 268152
|
| 245 |
1 |
0 |
|a Turistov je menej, ale vedia o nás viac
|c Stela Krausová
|
| 300 |
|
|
|b Fotogr.
|
| 610 |
2 |
7 |
|a Turistické informačné centrum (Rožňava, Slovensko)
|2 rvgkpd
|9 916238
|
| 650 |
0 |
7 |
|a cestovný ruch
|2 rvgkpd
|9 999
|
| 651 |
|
7 |
|a Rožňava (Slovensko)
|2 rvgkpd
|9 17394
|
| 773 |
0 |
|
|t Korzár : Gemerský denník
|g Roč. VIII, č. 198 (26.8.2006), s. 1
|x 1335-7581
|
| 852 |
|
|
|a RVGKPD
|b KIS3G
|
| 992 |
|
|
|a RBX
|
| 999 |
|
|
|c 2618921
|d 2620851
|